000
00245nam a2200097Ia 4500
008
200302s9999 xx 000 0 und d
100
_a
Ivan Margolius
245
_a
Architects+Engineers=Structures
260
_b
Wiley-Acdemy & Sons
300
_a
104 P.,
999
_c
3231
_d
3231